00777nam a2200181 i 450000100060000000300090000600500170001500700030003200800410003510000330007624500410010926000400015030000200019050502270021085200230043799900170046095201180047796214ES-MaACL20230906181852.0t|050614s1901 be ||||1| fre d1 aMaeterlinck, Maurice.97541810aThéâtre / cMaurice Maeterlinck. aBruxelles : bP. Lacomblez, c1901. a3 v. ; c19 cm.8 aContiene: T. I. La Princesse Maleine. L'intrusa. Les aveuglés. T. II. Pelleas et Melisande. Alladine et Palomides. Intérieur. La mort de Tintagiles. T. III. Aglavaine et Selysette. Ariane et Barbe- Bleu. Soeur Beatrice aES-MaACLjF-8804-6 c96214d96214 00104070aATENEOMbATENEOMcSPP2d2008-01-17eSCl0oF-8804-6p1100454r2023-02-23 00:00:00w2023-02-23yMONANT